Normas internacionales de contabilidad adoptadas en el ámbito de la U.E [ (Record no. 102780)

MARC details
000 -LEADER
campo de control de longitud fija 01913nam a2200349 i 4500
001 - NÚMERO DE CONTROL
campo de control 102780
003 - IDENTIFICADOR DE NÚMERO DE CONTROL
campo de control ES-MaACL
007 - CAMPO FIJO DE DESCRIPCIÓN FÍSICA--INFORMACIÓN GENERAL
campo de control de longitud fija t|
008 - DATOS DE LONGITUD FIJA--INFORMACIÓN GENERAL
campo de control de longitud fija 040708s2003 sp ||||0| spa d
024 8# - IDENTIFICADOR DE OTROS ESTÁNDARES
Número estándar o código NIPO 376-03-005-0
040 ## - FUENTE DE CATALOGACIÓN
Centro catalogador/agencia de origen M-BN
Lengua de catalogación spa
Centro/agencia transcriptor M-BN
080 ## - NÚMERO DE LA CLASIFICACIÓN DECIMAL UNIVERSAL
Número de la Clasificación Decimal Universal 657(083.74)
080 ## - NÚMERO DE LA CLASIFICACIÓN DECIMAL UNIVERSAL
Número de la Clasificación Decimal Universal 658(4-672 UE):504:657
080 ## - NÚMERO DE LA CLASIFICACIÓN DECIMAL UNIVERSAL
Número de la Clasificación Decimal Universal 657.632
080 ## - NÚMERO DE LA CLASIFICACIÓN DECIMAL UNIVERSAL
Número de la Clasificación Decimal Universal 657.6(460)
245 00 - MENCIÓN DEL TÍTULO
Título Normas internacionales de contabilidad adoptadas en el ámbito de la U.E [
Medio Recurso electrónico]
Resto del título : (publicado en DOCE de 13-10-2003).
260 ## - PUBLICACIÓN, DISTRIBUCIÓN, ETC.
Lugar de publicación, distribución, etc. Madrid :
Nombre del editor, distribuidor, etc. Instituto de Contabilidad y Auditoría de Cuentas,
Fecha de publicación, distribución, etc. [2003]
300 ## - DESCRIPCIÓN FÍSICA
Extensión 1 disco (CD-ROM) :
Otras características físicas col ;
Dimensiones 12 cm.
505 8# - NOTA DE CONTENIDO CON FORMATO
Nota de contenido con formato Contiene: Contabilidad medioambiental : análisis de la recomendación europea y la resolución española / autores, Belén Senés García y Manuel Pedro Rodríguez Bolívar. Alisamiento del beneficio y manipulación de ajustes por devengo : análisis empírico en el contexto español / autora, Belén Gil de Albornoz Noguer. El informe de auditoría y su efecto sobre la decisión del cambio de auditor / autora, Nieves Gómez Aguilar
650 14 - PUNTO DE ACCESO ADICIONAL DE MATERIA--TÉRMINO DE MATERIA
Término de materia o nombre geográfico como elemento de entrada Contabilidad-
Subdivisión de forma Normas-
-- CD-ROM.
9 (RLIN) 11309
650 14 - PUNTO DE ACCESO ADICIONAL DE MATERIA--TÉRMINO DE MATERIA
Término de materia o nombre geográfico como elemento de entrada Contabilidad ambiental-
Subdivisión geográfica Países de la Unión Europea-
Subdivisión de forma CD-ROM
9 (RLIN) 13113
650 14 - PUNTO DE ACCESO ADICIONAL DE MATERIA--TÉRMINO DE MATERIA
Término de materia o nombre geográfico como elemento de entrada Contabilidad-
Subdivisión general Prácticas corruptas-
Subdivisión de forma CD-ROM.
9 (RLIN) 11310
650 14 - PUNTO DE ACCESO ADICIONAL DE MATERIA--TÉRMINO DE MATERIA
Término de materia o nombre geográfico como elemento de entrada Auditoría-
Subdivisión geográfica España-
Subdivisión de forma CD-ROM.
9 (RLIN) 10414
700 1# - ENTRADA AGREGADA--NOMBRE PERSONAL
Nombre de persona Senés García, Belén.
9 (RLIN) 105461
700 1# - ENTRADA AGREGADA--NOMBRE PERSONAL
Nombre de persona Gil de Albornoz Noguer, Belén.
9 (RLIN) 56786
700 1# - ENTRADA AGREGADA--NOMBRE PERSONAL
Nombre de persona Gómez Aguilar, Nieves.
9 (RLIN) 57807
740 0# - ENTRADA AGREGADA--TÍTULO RELACIONADO/ANALÍTICO NO CONTROLADO
Título relacionado o analítico no controlado Contabilidad medioambiental : análisis de la recomendación europea y la resolución española.
740 0# - ENTRADA AGREGADA--TÍTULO RELACIONADO/ANALÍTICO NO CONTROLADO
Título relacionado o analítico no controlado Alisamiento del beneficio y manipulación de ajustes por devengo : análisis empírico en el contexto español.
740 3# - ENTRADA AGREGADA--TÍTULO RELACIONADO/ANALÍTICO NO CONTROLADO
Título relacionado o analítico no controlado El informe de auditoría y su efecto sobre la decisión del cambio de auditor.
852 ## - LOCALIZACIÓN
Ubicación ES-MaACL
Número de control de estantería ROT 2/3/11
Holdings
Estatus retirado Estado de pérdida Estado de daño No para préstamo Biblioteca de origen Biblioteca actual Ubicación en estantería Fecha de adquisición Fuente de adquisición Total de préstamos Signatura topográfica completa Código de barras Visto por última vez Precio de reemplazo Tipo de ítem Koha
        Biblioteca del Ateneo de Madrid Biblioteca del Ateneo de Madrid Depósito 17/01/2008     ROT 2/3/11 1107290 23/02/2023 23/02/2023 Archivo de ordenador en CD-ROM, CD o disquete